000
00331 a2200145 4500
001
177693
020
_a
040
_c
Magnum
100
_a
Santa Rosa, Nereide Schilaro
240
1
0
_a
Luzes e sombras / seculo xxi
_l
por
245
1
0
_a
Luzes e sombras / seculo xxi
362
0
_a
1899
697
_a
MAGNITO: DIDATICO
942
_c
BK
999
_c
177693
_d
177693